Famous Physicist - Picture Quiz - Statistics

General Stats
  • This quiz has been taken 228 times
  • The average score is 12 of 20
Answer Stats
Picture Answer % Correct
Albert Einstein
97%
Stephen Hawking
95%
Marie Curie
90%
Isaac Newton
84%
Niels Bohr
81%
Galileo Galilei
74%
Erwin Schrödinger
73%
Ernest Rutherford
62%
Richard Feynman
60%
Werner Heisenberg
59%
Enrico Fermi
58%
James Clerk Maxwell
57%
Michael Faraday
46%
Wolfgang Pauli
46%
Peter Higgs
36%
Louis de Broglie
34%
Ludwig Boltzmann
34%
Emmy Noether
32%
Joseph Fourier
21%
Lev Landau
17%
No matching quizzes found
Score Distribution
Percent of People with Each Score
Percentile by Number Answered
Your Score History
You have not taken this quiz